000 00991nam a22003017a 4500
003 CHAP
005 20220329133740.0
008 971013s1956 r 00010 d
010 _a10316
011 _a11288
035 _a10526
040 _cCHAP
090 _aTesis
100 0 0 _aAcosta Lara, Luis Petronilo.
_9665
245 _aEstudio sobre el chahuixtle del frijol en el Valle de Río Fuerte, Sinaloa
260 _aChapingo, Méx. :
_bEl autor,
_c1956
300 _a37 h.
_b: ilus.
502 _aTesis (Ing. Agr. Esp. en Parasitología Agrícola) -- ENA. Departamento de Parasitología Agrícola
590 _aALEPH
_b10
_c20130110
_lUCH01
_h1227
590 _aBATCH-UPD
_b10
_c20130109
_lUCH01
_h2335
590 _aBATCH-UPD
_b10
_c20130110
_lUCH01
_h2222
590 _aCONVERSION
_b10
_c20130109
_lUCH01
_h1307
650 1 4 _aRoya del frijol.
_9100386
901 _aBK
942 _cFOLL
949 _bBC
_cTES
_d-22183
_eTS1
_i10526
_si
949 _bBC
_cTES
_d-22184
_eTS2
_fc.2
_i10526
_si
999 _c10316
_d10316